000 00764cam a2200277 4500500
005 20260405002920.0
041 _afre
042 _adc
100 1 0 _aPortevin, Catherine
_eauthor
245 0 0 _aEmmanuel Kant vu par Pierre-Henri Tavoillot
260 _c2019.
500 _a24
690 _aAction
690 _aDevoir
690 _aKönigsberg
690 _aLuc Ferry
690 _aLumières
690 _aMorale
690 _aObéissance
690 _aPierre-Henri Tavoillot
690 _aPolitique
690 _aPrusse
690 _aRaison
786 0 _nPhilosophie magazine | 130 | 6 | 2019-06-01 | p. 35-35 | 1951-1787
856 4 1 _uhttps://shs.cairn.info/magazine-philosophie-magazine-2019-6-page-35?lang=fr&redirect-ssocas=7080
999 _c2062457
_d2062457